000 00513nam a2200169Ia 4500
005 20250326145126.0
008 250326s9999 xx 000 0 und d
037 _aTextbook
040 _aFMSL
_beng
_cFMSL
041 _aeng
_2eng
084 _aX:51 P6
_qFMSL
100 _aDenove C
_9750691
245 0 _aSatisfaction:how every great company listens to the voice of the customer
_cDenove C; Poweriv J D
260 _aUSA
_bUSA, Portfolio
_c2006
942 _cTB
_hX:51 P6
999 _c1306466
_d1306466